<?xml version="1.0" encoding="UTF-8"?>
<collection xmlns:xsi="http://www.w3.org/2001/XMLSchema-instance" xsi:schemaLocation="http://www.loc.gov/MARC21/slim http://www.loc.gov/standards/marcxml/schema/MARC21slim.xsd" xmlns="http://www.loc.gov/MARC21/slim">
 <record>
  <leader>00000ctm a22000003a 4500</leader>
  <controlfield tag="001">UP-99796217613076319</controlfield>
  <controlfield tag="003">Buklod</controlfield>
  <controlfield tag="005">20230529131620.0</controlfield>
  <controlfield tag="006">t     r    |||| u|</controlfield>
  <controlfield tag="007">ta</controlfield>
  <controlfield tag="008">230529s2018    xx      r    |||| u|    |</controlfield>
  <datafield tag="035" ind1=" " ind2=" ">
   <subfield code="a">(iLib)UPD-00413164916</subfield>
  </datafield>
  <datafield tag="040" ind1="0" ind2=" ">
   <subfield code="a">DCHE</subfield>
   <subfield code="e">rda</subfield>
  </datafield>
  <datafield tag="041" ind1="0" ind2=" ">
   <subfield code="a">eng</subfield>
  </datafield>
  <datafield tag="042" ind1=" " ind2=" ">
   <subfield code="a">DMLUC</subfield>
  </datafield>
  <datafield tag="090" ind1="0" ind2="0">
   <subfield code="a">LG 993.5 2018 F66</subfield>
   <subfield code="b">S27</subfield>
  </datafield>
  <datafield tag="100" ind1="1" ind2=" ">
   <subfield code="a">Saren, Miguel Nicolo L.</subfield>
   <subfield code="e">author.</subfield>
  </datafield>
  <datafield tag="245" ind1="1" ind2="0">
   <subfield code="a">Oil quality monitoring during process optimization of vacuum fried Mangifera Indica L. var. Katchamita mangoes</subfield>
   <subfield code="c">Miguel Nicolo Saren ; Joyce Abigail A. Tabardillo, adviser.</subfield>
  </datafield>
  <datafield tag="264" ind1=" " ind2="1">
   <subfield code="a">Quezon City</subfield>
   <subfield code="b">College of Home Economics, University of the Philippines Diliman</subfield>
   <subfield code="c">2018.</subfield>
  </datafield>
  <datafield tag="300" ind1=" " ind2=" ">
   <subfield code="a">x1, 117 leaves</subfield>
   <subfield code="c">28 cm. +</subfield>
   <subfield code="e">1 CD ROM (4 3/4 in.)</subfield>
  </datafield>
  <datafield tag="336" ind1=" " ind2=" ">
   <subfield code="a">text</subfield>
   <subfield code="2">rdacontent</subfield>
  </datafield>
  <datafield tag="337" ind1=" " ind2=" ">
   <subfield code="a">unmediated</subfield>
   <subfield code="2">rdamedia</subfield>
  </datafield>
  <datafield tag="338" ind1=" " ind2=" ">
   <subfield code="a">volume</subfield>
   <subfield code="2">rdacarrier</subfield>
  </datafield>
  <datafield tag="502" ind1=" " ind2=" ">
   <subfield code="a">Thesis (Bachelor of Science in Food Technology)--University of the Philippines Diliman</subfield>
   <subfield code="d">December 2018.</subfield>
  </datafield>
  <datafield tag="504" ind1=" " ind2=" ">
   <subfield code="a">Bibliography : pages 60-74.</subfield>
  </datafield>
  <datafield tag="506" ind1="0" ind2=" ">
   <subfield code="a">Thesis classification: P</subfield>
  </datafield>
  <datafield tag="520" ind1="0" ind2=" ">
   <subfield code="a">This  study  aims  to  monitor  product  and  frying  oil  quality  during  vacuum  frying  process optimization of mango chips (Mangifera indica L. var. Katchamita) in the interest of ensuring quality and safety. Mangoes vacuum fried for 5.68-224 s, at 81-123°C and 1.0- 6.0 kg load capacity were analyzed for the amount of oil absorbed, free fatty acid (FFA) content,  and  2-thiobarbituric  acid  value  (TBA).  Frying  oil  quality  was  monitored  by determining %FFA, TBA and total color difference (∆).  Oil absorbed ranged from 19.03±4.95 to 58.28±9.21% (wet basis). No significant model  for  oil  absorbed  correlating  to  frying  parameters  was  found.  The  %FFA  of  the products and the oil extracted ranged from 4.47x10-3±7.43x10-7 to 0.15 ±1.60 x 10-5% and 0.05±1.29x10-2 to 0.37±3.70x10-3 %, respectively. Frying oil FFA content of increased to 0.03 ± 5.67 x 10-3 - 0.07 ± 8.24 x 10-3%  as compared to fresh oil. No general trend was observed from the %FFA values relating to repeated oil use; but the results for the product and frying oil were acceptable based on existing standards. Inconsistency in results may be attributed to oil replenishment at certain runs during process optimization. TBA values did not follow a significant trend and results were found to be below detection limit. While no significant effects of repeated oil use were observed on L*, a*, and b* values of the frying oil, a decreasing trend in total color difference (ΔE) was found. Deviations from expected results and inconsistent trends may have been a possible consequence of oil replenishment and due to minimal oil deterioration from vacuum frying. </subfield>
  </datafield>
  <datafield tag="650" ind1="0" ind2="0">
   <subfield code="a">Mango</subfield>
   <subfield code="z">Philippines.</subfield>
  </datafield>
  <datafield tag="650" ind1="0" ind2="0">
   <subfield code="a">Cooking (Mangos)</subfield>
   <subfield code="z">Philippines.</subfield>
  </datafield>
  <datafield tag="650" ind1="0" ind2="0">
   <subfield code="a">Mango industry </subfield>
   <subfield code="z">Philippines.</subfield>
  </datafield>
  <datafield tag="650" ind1="0" ind2="0">
   <subfield code="a">Mango</subfield>
   <subfield code="x">Health aspects.</subfield>
  </datafield>
  <datafield tag="700" ind1="1" ind2=" ">
   <subfield code="a">Tabardillo, Joyce Abigail</subfield>
   <subfield code="e">Thesis adviser.</subfield>
  </datafield>
  <datafield tag="905" ind1=" " ind2=" ">
   <subfield code="a">FI</subfield>
  </datafield>
  <datafield tag="905" ind1=" " ind2=" ">
   <subfield code="a">UP</subfield>
  </datafield>
  <datafield tag="852" ind1="0" ind2=" ">
   <subfield code="a">UPD</subfield>
   <subfield code="b">DCHE</subfield>
   <subfield code="h">LG 993.5 2018 F66</subfield>
   <subfield code="i">S27</subfield>
  </datafield>
  <datafield tag="942" ind1=" " ind2=" ">
   <subfield code="a">Thesis</subfield>
  </datafield>
 </record>
</collection>
